Selling Transracial Adoption (Record no. 96496)
[ view plain ]
| 000 -LEADER | |
|---|---|
| fixed length control field | 01697nam a2200241Ii 4500 |
| 008 - FIXED-LENGTH DATA ELEMENTS--GENERAL INFORMATION | |
| fixed length control field | 221202s xx 000 0 und d |
| 100 1# - MAIN ENTRY--PERSONAL NAME | |
| Personal name | Raleigh, Elizabeth, |
| Relator term | author |
| 245 #0 - TITLE STATEMENT | |
| Title | Selling Transracial Adoption |
| 246 ## - VARYING FORM OF TITLE | |
| Title proper/short title | Families, Markets, and the Color Line |
| 264 ## - PRODUCTION, PUBLICATION, DISTRIBUTION, MANUFACTURE, AND COPYRIGHT NOTICE | |
| Name of producer, publisher, distributor, manufacturer | Temple University Press |
| Date of production, publication, distribution, manufacture, or copyright notice | 2018 |
| 300 ## - PHYSICAL DESCRIPTION | |
| Extent | 1 online resource |
| 336 ## - CONTENT TYPE | |
| Content type term | text |
| Content type code | txt |
| Source | rdacontent |
| 337 ## - MEDIA TYPE | |
| Media type term | computer |
| Media type code | c |
| Source | rdamedia |
| 338 ## - CARRIER TYPE | |
| Carrier type term | online resource |
| Carrier type code | cr |
| Source | rdacarrier |
| 520 ## - SUMMARY, ETC. | |
| Summary, etc. | Chosen Children examines the role of the adoption marketplace in shaping how transracial adoptive families are sorted and matched, and analyzes what these practices suggest about race in the United States. In contrast to previous work on race and adoption markets that focus on the experiences of adoptive parents, Raleigh's project focuses on adoption workers--social workers, attorneys, and counselors. Taking a market approach that treats adoptive parents as consumers and children as commodities, Raleigh brings together interviews with adoption practitioners, participant observation at adoption information sessions, and adoption statistics in order to demonstrate how the downturn in supply of adoptable honorary white children (which she defines as Asian and hispanic children) led to the increased popularity of the transracial adoption of foreign-born and biracial black children. |
| 653 ## - INDEX TERM--UNCONTROLLED | |
| Uncontrolled term | Adoption |
| 653 ## - INDEX TERM--UNCONTROLLED | |
| Uncontrolled term | Child Protection |
| 653 ## - INDEX TERM--UNCONTROLLED | |
| Uncontrolled term | Ethiopia |
| 653 ## - INDEX TERM--UNCONTROLLED | |
| Uncontrolled term | Foster Care |
| 653 ## - INDEX TERM--UNCONTROLLED | |
| Uncontrolled term | Sociology |
| 856 ## - ELECTRONIC LOCATION AND ACCESS | |
| Uniform Resource Identifier | <a href="https://docs.google.com/spreadsheets/d/1yKIrdCPDAG_9c22mwoOIO2DOhtj65Wqa/edit?usp=sharing&ouid=106555315294820607512&rtpof=true&sd=true ">https://docs.google.com/spreadsheets/d/1yKIrdCPDAG_9c22mwoOIO2DOhtj65Wqa/edit?usp=sharing&ouid=106555315294820607512&rtpof=true&sd=true </a> |
| Link text | List of Curated E-Books |
| 942 ## - ADDED ENTRY ELEMENTS (KOHA) | |
| Koha item type | E-Book |
No items available.